| 000 | 00387nam a2200169Ia 4500 | ||
|---|---|---|---|
| 003 | LK-CoDNM | ||
| 005 | 20240807093909.0 | ||
| 008 | 010623t1811 xxu||||| |||| 00| 1 fra d | ||
| 040 |
_aLK-CoDNM _dLK-CoDNM _eLK-CoDNM |
||
| 041 | _afra | ||
| 080 |
_a16 _bR4 |
||
| 100 | _aCPRENGER,MS | ||
| 245 | _aValentia's Travels | ||
| 260 |
_b? _c1811 |
||
| 300 | _bx, 622p. : 19 cm | ||
| 942 | _cBK | ||
| 999 |
_c80929 _d80929 |
||